Anyone but George H. W. Bush Quiz Stats

 Plays Quiz Updated Dec 3, 2018

Challenge
Share
Tweet
Embed
Score 0/41 Timer 04:00
2 Plays Today
Hint Answer % Correct
Has a One-Syllable SurnameGeorge W. Bush
98%
Has a Surname that Contains a 'U'George W. Bush
98%
Won the Presidency Without Winning Birth StateGeorge W. Bush (Connecticut)
98%
Has a Surname that Contains a 'U'Chester A. Arthur
97.4%
Has a Surname that Contains a 'U'James Buchanan
96.4%
Has a Surname that Contains a 'U'Martin Van Buren
94.1%
Has a One-Syllable SurnameDonald Trump
93.4%
Has a Surname that Contains a 'U'Donald Trump
93.4%
Won the Presidency Without Winning Birth StateDonald Trump (New York)
93.4%
Was Born in MassachusettsJohn Adams
90.2%
Was a Vice PresidentJohn Adams
90.2%
Was Born in MassachusettsJohn Quincy Adams
89.8%
Has a One-Syllable SurnameGerald Ford
87%
Served in the United States Naval ReserveGerald Ford
87%
Was a Vice PresidentGerald Ford
87%
Was Born in MassachusettsJohn F. Kennedy
85.8%
Served in the United States Naval ReserveJohn F. Kennedy
85.8%
Served in the United States Naval ReserveLyndon B. Johnson
85.8%
Was a Vice PresidentLyndon B. Johnson
85.8%
Was a Vice PresidentAndrew Johnson
85.6%
Was a Vice PresidentTheodore Roosevelt
83.3%
Hint Answer % Correct
Served in the United States Naval ReserveRichard Nixon
82.4%
Was a Vice PresidentRichard Nixon
82.4%
Has a One-Syllable SurnameWilliam H. Taft
80.6%
Has a Surname that Contains a 'U'Harry S. Truman
79.3%
Was a Vice PresidentThomas Jefferson
78.4%
Has a One-Syllable SurnameJames K. Polk
77.4%
Won the Presidency Without Winning Birth StateJames K. Polk (North Carolina)
77.4%
Has a One-Syllable SurnameUlysses S. Grant
73.5%
Was a Vice PresidentHarry S. Truman
72%
Won the Presidency Without Winning Birth StateAbraham Lincoln (Kentucky)
65.4%
Was a Vice PresidentCalvin Coolidge
63.3%
Won the Presidency Without Winning Birth StateAndrew Jackson (South Carolina)
62.8%
Was a Vice PresidentJohn Tyler
60.9%
Was a Vice PresidentMartin Van Buren
57.4%
Has a One-Syllable SurnameFranklin Pierce
56.4%
Won the Presidency Without Winning Birth StateWilliam H. Harrison (Virginia)
54%
Has a One-Syllable SurnameRutherford B. Hayes
52.7%
Won the Presidency Without Winning Birth StateZachary Taylor (Virginia)
51.7%
Was a Vice PresidentChester A. Arthur
49.4%
Was a Vice PresidentMillard Fillmore
44.5%

You're not logged in!

Compare scores with friends on all Sporcle quizzes.
OR
Log In

You Might Also Like...

Show Comments

Extras

Top Quizzes Today


Score Distribution

Your Account Isn't Verified!

In order to create a playlist on Sporcle, you need to verify the email address you used during registration. Go to your Sporcle Settings to finish the process.

Report this User

Report this user for behavior that violates our Community Guidelines.

Details: